| 000 | 00607 a2200181 4500 | ||
|---|---|---|---|
| 020 | _a1870555708 | ||
| 020 | _a9781870555708 | ||
| 090 |
_c3676 _d3676 |
||
| 245 | 0 | 0 |
_aSuccessful change strategies : _blearning from chief executives. |
| 260 |
_a[S.l.] : _bDirector Books, _c1994. |
||
| 300 | _a200 p. | ||
| 500 | _aImport. | ||
| 500 | _aPaperback. | ||
| 700 | 1 | _aTaylor, Bernard. | |
| 856 | 4 | 0 |
_3Amazon.com _uhttp://www.amazon.com/exec/obidos/ASIN/1870555708/chopaconline-20 |
| 856 | 4 | 0 |
_3Amazon customer reviews _uhttp://www.chopac.org/cgi-bin/tools/azrev.pl?q=1870555708 |
| 942 |
_aNBS _cBK _k658.406 TAY |
||
| 999 |
_c346142 _d346142 |
||